000 00319nam a2200133Ia 4500
005 20260328104338.0
008 260328s9999||||xx |||||||||||||| ||und||
100 _aZevi, Bruno
245 0 _aErik Gunnar Asplund /
_cBruno Zevi
260 _bEdiciones Infinito
300 _a93 p.
650 _aARQUITECTOS
942 _cBK
999 _c12007
_d12007